[Event "TOP 16 A group"]
[Site "BELFORT"]
[Date "????.??.??"]
[Round "5.13"]
[White "Postny, Evgeny"]
[Black "Riff, Jean-Noel"]
[Result "1/2-1/2"]
[WhiteElo "2525"]
[BlackElo "2387"]
[PlyCount "67"]
[EventDate "2025.05.??"]
[WhiteTeam "METZ"]
[BlackTeam "MULHOUSE"]
[WhiteTeamCountry "FRA"]
[BlackTeamCountry "FRA"]

1. d4 d5 2. c4 e6 3. Nc3 Nf6 4. Nf3 Be7 5. Bf4 O-O 6. a3 c5 7. dxc5 Bxc5 8. e3
Nc6 9. Qc2 Re8 10. Bg5 d4 11. O-O-O e5 12. Nd5 Be7 13. Nxe7+ Qxe7 14. exd4 exd4
15. Bd3 h6 16. Bh4 Bg4 17. Rde1 Qc7 18. Bg3 Qa5 19. Qd2 Bxf3 20. Qxa5 Nxa5 21.
gxf3 Nxc4 22. Rxe8+ Rxe8 23. Bxc4 Rc8 24. Kd2 Rxc4 25. Re1 Nd7 26. Re8+ Kh7 27.
Re7 Nc5 28. Bd6 Nb3+ 29. Kd3 b5 30. Rxf7 Nc1+ 31. Kd2 Nb3+ 32. Kd3 Nc1+ 33. Kd2
Nb3+ 34. Kd3 1/2-1/2

[Event "TOP 16 A group"]
[Site "BELFORT"]
[Date "????.??.??"]
[Round "5.14"]
[White "Sokolov, Andrei"]
[Black "Vitoux, Colomban"]
[Result "1/2-1/2"]
[WhiteElo "2458"]
[BlackElo "2367"]
[PlyCount "73"]
[EventDate "2025.05.??"]
[WhiteTeam "MULHOUSE"]
[BlackTeam "METZ"]
[WhiteTeamCountry "FRA"]
[BlackTeamCountry "FRA"]

1. e4 c5 2. Nf3 Nc6 3. d4 cxd4 4. Nxd4 g6 5. c4 Bg7 6. Be3 Qb6 7. Nb3 Qd8 8.
Qd2 Nf6 9. f3 d6 10. Be2 O-O 11. O-O Be6 12. Rd1 a5 13. Na3 a4 14. Nd4 Nxd4 15.
Bxd4 Nd7 16. Nb5 Qa5 17. Qxa5 Ra7 18. Qa6 Rxa6 19. Rab1 Ra5 20. Rbc1 Rc8 21.
Bxg7 Kxg7 22. Nd4 Rac5 23. b4 axb3 24. axb3 Ra8 25. f4 Nb6 26. b4 Rc7 27. c5
dxc5 28. Rxc5 Rac8 29. Nxe6+ fxe6 30. Bg4 Rxc5 31. bxc5 Rxc5 32. Bxe6 Rc6 33.
Bb3 Rc3 34. Rb1 Nc4 35. Bxc4 Rxc4 36. Rb3 b6 37. Rxb6 1/2-1/2

[Event "TOP 16 A group"]
[Site "BELFORT"]
[Date "????.??.??"]
[Round "5.15"]
[White "Barseghyan, Harutyun"]
[Black "Terrieux, Kevin"]
[Result "1-0"]
[WhiteElo "2450"]
[BlackElo "2389"]
[PlyCount "109"]
[EventDate "2025.05.??"]
[WhiteTeam "METZ"]
[BlackTeam "MULHOUSE"]
[WhiteTeamCountry "FRA"]
[BlackTeamCountry "FRA"]

1. d4 d5 2. Nf3 Nf6 3. Bf4 c5 4. e3 Nc6 5. Nbd2 e6 6. c3 Nh5 7. dxc5 Nxf4 8.
exf4 Bxc5 9. Nb3 Bb6 10. Bd3 f6 11. O-O O-O 12. Qc2 Qd6 13. Bxh7+ Kh8 14. g3 f5
15. Bg6 e5 16. Nh4 Rf6 17. Bxf5 Bxf5 18. Nxf5 Qe6 19. Nh4 exf4 20. Kg2 Raf8 21.
Rae1 Qf7 22. Nf3 fxg3 23. hxg3 Kg8 24. Nfd4 Bxd4 25. Nxd4 Nxd4 26. cxd4 Rc6 27.
Qd3 Qf5 28. Qxf5 Rxf5 29. Rc1 Rff6 30. Rc5 b6 31. Rc3 Rxc3 32. bxc3 Rc6 33. Rc1
Kf7 34. Kf3 g5 35. Kg4 Kg6 36. f3 Kf6 37. a4 Rc4 38. Rh1 Rxc3 39. Rh6+ Ke7 40.
a5 bxa5 41. Rh7+ Kf6 42. Rxa7 Rd3 43. Ra6+ Ke7 44. Rxa5 Rxd4+ 45. Kxg5 Rd3 46.
Kf4 Rd4+ 47. Ke5 Rd3 48. Ra7+ Ke8 49. Kf4 Rd4+ 50. Kf5 Rd3 51. Kg4 Rd1 52. Kf4
Rd3 53. g4 d4 54. g5 Rd1 55. g6 1-0

[Event "TOP 16 A group"]
[Site "BELFORT"]
[Date "????.??.??"]
[Round "5.16"]
[White "Navrotescu, Andreea"]
[Black "Andriasyan, Siranush"]
[Result "1-0"]
[WhiteElo "2323"]
[BlackElo "2192"]
[PlyCount "135"]
[EventDate "2025.05.??"]
[WhiteTeam "MULHOUSE"]
[BlackTeam "METZ"]
[WhiteTeamCountry "FRA"]
[BlackTeamCountry "FRA"]

1. d4 Nf6 2. c4 e6 3. Nf3 d5 4. Nc3 Bb4 5. cxd5 exd5 6. Bg5 Nbd7 7. Qc2 c5 8.
e3 Qa5 9. Bd3 c4 10. Bf5 O-O 11. O-O Bxc3 12. bxc3 Re8 13. Nd2 g6 14. Bxd7 Nxd7
15. Rae1 Nb6 16. f3 Kg7 17. Bf4 Na4 18. Rc1 Bd7 19. e4 Rac8 20. Rfe1 Re6 21.
Nf1 Rb6 22. exd5 Rb2 23. Qe4 Re8 24. Be5+ Kg8 25. Qf4 Nxc3 26. Bf6 Nxd5 27.
Rxe8+ Bxe8 28. Qe5 Qb5 29. Bh8 f6 30. Bxf6 Nxf6 31. Qxf6 Bf7 32. Re1 Qb6 33.
Qf4 Kg7 34. h4 Qf6 35. Qe4 Rb6 36. d5 c3 37. Ne3 h5 38. Rc1 Rb2 39. Nc4 Rb4 40.
a3 Ra4 41. Qd3 b5 42. Ne3 Rxh4 43. Rd1 Be8 44. d6 Bd7 45. Nd5 Qe5 46. Qxc3 Qxc3
47. Nxc3 Rc4 48. Nxb5 a6 49. Nc7 Rc6 50. f4 Kf7 51. Rd3 a5 52. g3 Rb6 53. Kf2
a4 54. Ke3 Rc6 55. Nb5 Rb6 56. Nc3 Ke6 57. Ne4 Rb5 58. Ng5+ Kf6 59. Rc3 Rd5 60.
Rc7 Be8 61. Re7 Rxd6 62. Rxe8 Rb6 63. Rf8+ Ke7 64. Rf7+ Ke8 65. Ke4 Rb3 66. Ke5
Rxg3 67. Kf6 h4 68. Ne6 1-0

[Event "TOP 16 A group"]
[Site "BELFORT"]
[Date "????.??.??"]
[Round "5.17"]
[White "Dionisi, Thomas"]
[Black "Dardha, Daniel"]
[Result "1/2-1/2"]
[WhiteElo "2410"]
[BlackElo "2651"]
[PlyCount "40"]
[EventDate "2025.05.??"]
[WhiteTeam "BOIS COLOMBES"]
[BlackTeam "CHARTRES"]
[WhiteTeamCountry "FRA"]
[BlackTeamCountry "FRA"]

1. e4 c5 2. Nf3 d6 3. c3 Nf6 4. h3 g6 5. Bd3 Nc6 6. Bc2 Bg7 7. d4 O-O 8. O-O e5
9. d5 Ne7 10. c4 Ne8 11. Nc3 f5 12. Rb1 h6 13. b4 b6 14. bxc5 bxc5 15. Bd2 f4
16. Ba4 Nf6 17. Qe2 g5 18. Rb3 Rf7 19. Rfb1 Bf8 20. Qd3 Rg7 1/2-1/2

[Event "TOP 16 A group"]
[Site "BELFORT"]
[Date "????.??.??"]
[Round "5.18"]
[White "Maurizzi, Marc`Andria"]
[Black "Bassini, Emile"]
[Result "0-1"]
[WhiteElo "2607"]
[BlackElo "2391"]
[PlyCount "126"]
[EventDate "2025.05.??"]
[WhiteTeam "CHARTRES"]
[BlackTeam "BOIS COLOMBES"]
[WhiteTeamCountry "FRA"]
[BlackTeamCountry "FRA"]

1. Nf3 Nf6 2. g3 g6 3. Bg2 Bg7 4. O-O O-O 5. d4 d6 6. Nc3 Nbd7 7. a4 a5 8. b3
c6 9. e4 Qc7 10. Ba3 Re8 11. Qd2 e5 12. dxe5 dxe5 13. Bd6 Qb6 14. Rad1 Bf8 15.
Bxf8 Nxf8 16. Qd6 Kg7 17. Rd3 Qb4 18. h3 Ra6 19. Nd2 Ne6 20. Nc4 Nd4 21. f4 c5
22. Qc7 Rc6 23. Qxa5 Nxc2 24. Qxb4 cxb4 25. Nb5 Nd7 26. Nbd6 Re7 27. fxe5 Nc5
28. Rd2 Na3 29. Nb6 Be6 30. Nd5 Rd7 31. Ne8+ Kh8 32. a5 Nxb3 33. Rb2 Rc3 34.
Nxb4 Rxg3 35. Kh2 Rg5 36. Nd5 Nxa5 37. Ra1 N3c4 38. Rb5 Bxd5 39. exd5 Rxe5 40.
Nf6 Rd6 41. Ng4 Re2 42. Kg1 b6 43. Nf2 f5 44. Rb4 Ne3 45. Bf3 Nc2 46. Bxe2 Nxb4
47. Bf3 Rd7 48. Rd1 Kg7 49. Rd4 Nac6 50. Rc4 Ne5 51. Rxb4 Nxf3+ 52. Kg2 Ne1+
53. Kf1 Nc2 54. Rxb6 Ne3+ 55. Ke2 Nxd5 56. Ra6 Re7+ 57. Kf1 Kh6 58. Ra4 Kg5 59.
Kg2 Re3 60. h4+ Kh5 61. Rd4 Nf6 62. Nh3 Ne4 63. Rd7 Kxh4 0-1

[Event "TOP 16 A group"]
[Site "BELFORT"]
[Date "????.??.??"]
[Round "5.19"]
[White "Samoun, Florent"]
[Black "Mamedov, Rauf"]
[Result "0-1"]
[WhiteElo "2261"]
[BlackElo "2657"]
[PlyCount "112"]
[EventDate "2025.05.??"]
[WhiteTeam "BOIS COLOMBES"]
[BlackTeam "CHARTRES"]
[WhiteTeamCountry "FRA"]
[BlackTeamCountry "FRA"]

1. e4 c5 2. Nc3 Nc6 3. g3 g6 4. Bg2 Bg7 5. d3 Rb8 6. a4 a6 7. f4 d6 8. Nf3 Bg4
9. h3 Bxf3 10. Qxf3 e6 11. O-O Nge7 12. Be3 O-O 13. Nd1 b5 14. axb5 axb5 15.
Qf2 Qc7 16. c3 b4 17. d4 bxc3 18. bxc3 cxd4 19. cxd4 d5 20. f5 exf5 21. exd5
Nb4 22. Bf4 Qb6 23. Be5 Nd3 24. Qe3 Nxe5 25. dxe5 Bxe5 26. Qxb6 Rxb6 27. Ra7
Nc8 28. Ra3 Nd6 29. Ne3 Bxg3 30. Nc4 Nxc4 31. Rxg3 Nd6 32. Rc3 Rd8 33. Rfc1 Rb2
34. Rc7 Rd2 35. Re7 Kg7 36. Ra7 h5 37. Rc6 Kf6 38. Raa6 Ke5 39. Rc7 h4 40. Re7+
Kf4 41. Ra4+ Kg5 42. Ra6 Re8 43. Rxe8 Nxe8 44. Ra7 Nd6 45. Rd7 Nc4 46. Rxf7 Ne3
47. Bh1 Kf4 48. Re7 g5 49. d6 Rxd6 50. Bb7 Rd1+ 51. Kf2 Rd2+ 52. Kg1 Ra2 53.
Bc6 Ra6 54. Bh1 Ra1+ 55. Kh2 Nf1+ 56. Kg2 Ng3 0-1

[Event "TOP 16 A group"]
[Site "BELFORT"]
[Date "????.??.??"]
[Round "5.20"]
[White "Lagarde, Maxime"]
[Black "Yoganathan, Sakithyan"]
[Result "1-0"]
[WhiteElo "2622"]
[BlackElo "2214"]
[PlyCount "63"]
[EventDate "2025.05.??"]
[WhiteTeam "CHARTRES"]
[BlackTeam "BOIS COLOMBES"]
[WhiteTeamCountry "FRA"]
[BlackTeamCountry "FRA"]

1. c4 Nf6 2. Nc3 g6 3. d4 Bg7 4. e4 d6 5. Nf3 O-O 6. Be2 e5 7. O-O Nc6 8. d5
Ne7 9. b4 Ne8 10. a4 f5 11. a5 Nf6 12. Re1 fxe4 13. Ng5 e3 14. Bxe3 Nf5 15. Bd2
e4 16. Ngxe4 Nxe4 17. Nxe4 Qh4 18. Bd3 Be5 19. g3 Qe7 20. Ra3 Nd4 21. f4 Bg7
22. Ng5 Qf6 23. Bc3 h6 24. Ne6 c5 25. Bxd4 cxd4 26. Nxf8 Bxf8 27. Re8 h5 28.
Qe1 g5 29. fxg5 Qxg5 30. Ra2 Bf5 31. Rxa8 Bxd3 32. Rf2 1-0

[Event "TOP 16 A group"]
[Site "BELFORT"]
[Date "????.??.??"]
[Round "5.21"]
[White "Bremond, Eric"]
[Black "Kamsky, Gata"]
[Result "0-1"]
[WhiteElo "2129"]
[BlackElo "2606"]
[PlyCount "152"]
[EventDate "2025.05.??"]
[WhiteTeam "BOIS COLOMBES"]
[BlackTeam "CHARTRES"]
[WhiteTeamCountry "FRA"]
[BlackTeamCountry "FRA"]

1. e4 c5 2. Nf3 e6 3. b3 a6 4. Bb2 Nc6 5. g3 d6 6. Bg2 e5 7. c3 Bg4 8. h3 Bh5
9. O-O Be7 10. Na3 Nf6 11. Re1 O-O 12. d3 Re8 13. Nc4 b5 14. Ne3 b4 15. cxb4
Nxb4 16. g4 Bg6 17. Nh4 Ra7 18. Nc4 Bf8 19. Nxg6 hxg6 20. Bc3 Nc6 21. Qd2 a5
22. Rab1 Nh7 23. f4 exf4 24. Qxf4 Ne5 25. Qd2 Ng5 26. Rf1 Ne6 27. Nxa5 Be7 28.
Bxe5 Qxa5 29. Qxa5 Rxa5 30. Bc3 Rxa2 31. Rf2 Ra3 32. Rfb2 Rd8 33. Kf2 Bh4+ 34.
Kf3 Rb8 35. Bf1 Kf8 36. Ke2 Ke7 37. Kd2 Bg3 38. b4 Bf4+ 39. Kc2 Rxc3+ 40. Kxc3
Be5+ 41. Kc4 Bxb2 42. Rxb2 cxb4 43. d4 Rc8+ 44. Kd3 Rc1 45. Be2 Rc3+ 46. Kd2
Nxd4 47. Rxb4 Nxe2 48. Kxe2 Rxh3 49. Kf2 Rc3 50. Rb5 Ke6 51. Rb7 g5 52. Ra7 g6
53. Rb7 f5 54. exf5+ gxf5 55. gxf5+ Kxf5 56. Rd7 Ke5 57. Rf7 d5 58. Rg7 Kf4 59.
Rf7+ Kg4 60. Rd7 Rf3+ 61. Kg2 Rf5 62. Rd8 Kf4 63. Kf2 g4 64. Rd7 g3+ 65. Kg2
Rg5 66. Rd8 Ke4 67. Re8+ Kd3 68. Re1 d4 69. Ra1 Ke2 70. Ra2+ Ke3 71. Ra8 d3 72.
Re8+ Kd2 73. Rc8 Kd1 74. Rd8 d2 75. Rc8 Rg4 76. Ra8 Ke2 0-1

[Event "TOP 16 A group"]
[Site "BELFORT"]
[Date "????.??.??"]
[Round "5.22"]
[White "Razafindratsima, Timothe"]
[Black "Makke, Laurent"]
[Result "1-0"]
[WhiteElo "2465"]
[BlackElo "2119"]
[PlyCount "57"]
[EventDate "2025.05.??"]
[WhiteTeam "CHARTRES"]
[BlackTeam "BOIS COLOMBES"]
[WhiteTeamCountry "FRA"]
[BlackTeamCountry "FRA"]

1. e4 c5 2. Nf3 Nc6 3. Bb5 g6 4. Bxc6 bxc6 5. O-O Bg7 6. Re1 Nf6 7. h3 O-O 8.
e5 Nd5 9. Nc3 Nc7 10. d4 cxd4 11. Qxd4 d5 12. Qc5 Qd7 13. Nd4 Ne6 14. Nxe6 Qxe6
15. Bf4 Rb8 16. b3 Qf5 17. Ne2 Ba6 18. Bg3 Bxe2 19. Rxe2 e6 20. Qxa7 Rfc8 21.
Qe3 Rb4 22. Qd2 c5 23. c3 Rb7 24. Bf4 g5 25. Bxg5 Bxe5 26. g4 Bxc3 27. gxf5
Bxd2 28. Rxd2 d4 29. Rc1 1-0

[Event "TOP 16 A group"]
[Site "BELFORT"]
[Date "????.??.??"]
[Round "5.23"]
[White "Negre, Emilie"]
[Black "Guliyev, Namig"]
[Result "0-1"]
[WhiteElo "2179"]
[BlackElo "2480"]
[PlyCount "72"]
[EventDate "2025.05.??"]
[WhiteTeam "BOIS COLOMBES"]
[BlackTeam "CHARTRES"]
[WhiteTeamCountry "FRA"]
[BlackTeamCountry "FRA"]

1. d4 d5 2. c4 dxc4 3. Nf3 Nf6 4. e3 e6 5. Bxc4 a6 6. O-O Nbd7 7. a4 c5 8. Nc3
Be7 9. Qe2 cxd4 10. exd4 Nb6 11. Bb3 O-O 12. Re1 Re8 13. Bg5 h6 14. Bh4 Nbd5
15. Ne5 Nxc3 16. bxc3 Nd5 17. Qh5 Rf8 18. Bxd5 Bxh4 19. Be4 Bg5 20. Red1 Rb8
21. Rd3 Qc7 22. Rf3 f5 23. Bc2 b5 24. Qg6 Bf6 25. Re1 Bxe5 26. dxe5 bxa4 27.
Rh3 Qf7 28. Qg3 a3 29. c4 Rb2 30. Qc3 Qb7 31. Bb3 Rd8 32. c5 Rdd2 33. Rf3 a2
34. Rf1 Qe4 35. Qa5 Qb1 36. Bxa2 Qxf1+ 0-1

[Event "TOP 16 A group"]
[Site "BELFORT"]
[Date "????.??.??"]
[Round "5.24"]
[White "Daulyte-Cornette, Deimante"]
[Black "Guerlach, Keigo"]
[Result "1/2-1/2"]
[WhiteElo "2396"]
[BlackElo "2148"]
[PlyCount "167"]
[EventDate "2025.05.??"]
[WhiteTeam "CHARTRES"]
[BlackTeam "BOIS COLOMBES"]
[WhiteTeamCountry "FRA"]
[BlackTeamCountry "FRA"]

1. e4 e5 2. Nf3 Nf6 3. Nc3 Bb4 4. Nxe5 O-O 5. Be2 Re8 6. Nd3 Bxc3 7. dxc3 Nxe4
8. O-O h6 9. Nf4 d6 10. Re1 Nc6 11. Bf1 Nf6 12. Rxe8+ Qxe8 13. c4 Bf5 14. Bd2
Qd7 15. Nd5 Nxd5 16. cxd5 Ne5 17. Bc3 Qa4 18. b3 Qg4 19. f3 Qg6 20. Rc1 Re8 21.
Kh1 h5 22. Qd4 a6 23. Re1 f6 24. Qf2 Nd7 25. Rxe8+ Qxe8 26. Bd4 Qg6 27. Qe1 Nf8
28. c4 b6 29. Qe7 Qf7 30. Qxf7+ Kxf7 31. b4 Nd7 32. f4 Bb1 33. a3 g6 34. Kg1 f5
35. Kf2 Nf6 36. Bxf6 Kxf6 37. Ke3 Be4 38. Kd4 g5 39. g3 h4 40. Be2 hxg3 41.
hxg3 gxf4 42. gxf4 Bc2 43. Bh5 Ba4 44. Kc3 Ke7 45. Be2 Kf6 46. Bd3 Kg6 47. Kd4
Kf6 48. Be2 Kg6 49. Bf3 Bb3 50. Kc3 Ba4 51. Be2 Kf6 52. Bh5 Ke7 53. Kd4 Kf6 54.
c5 a5 55. bxa5 bxa5 56. c6 Kg7 57. Kc4 Kf6 58. Be8 Ke7 59. Bd7 Kf6 60. Bc8 Kg6
61. Kd4 Kf6 62. Ba6 Kg6 63. Bd3 Kf6 64. Kc4 Kg6 65. Bb1 Kf6 66. Ba2 Kg6 67. Bb1
Kf6 68. Bd3 Kg6 69. Kc3 Kf6 70. Ba6 Kg6 71. Bc8 Kf6 72. Kd4 Kg6 73. Kc4 Kf6 74.
Ba6 Kg6 75. Bc8 Kf6 76. Bd7 Kg6 77. Be8+ Kf6 78. Bh5 Kg7 79. Be2 Kg6 80. Kc3
Kh6 81. Bd3 Kg6 82. Bb1 Kf6 83. Bd3 Kg6 84. Be2 1/2-1/2

[Event "TOP 16 A group"]
[Site "BELFORT"]
[Date "????.??.??"]
[Round "5.25"]
[White "Karthikeyan, Murali"]
[Black "Murzin, Volodar"]
[Result "0-1"]
[WhiteElo "2658"]
[BlackElo "2658"]
[PlyCount "70"]
[EventDate "2025.05.??"]
[WhiteTeam "CANNES"]
[BlackTeam "TREMBLAY"]
[WhiteTeamCountry "FRA"]
[BlackTeamCountry "FRA"]

1. d4 d5 2. c4 c6 3. Nf3 Nf6 4. g3 g6 5. Bg2 Bg7 6. O-O O-O 7. Nc3 dxc4 8. e4
Bg4 9. h3 Bxf3 10. Bxf3 e5 11. dxe5 Nfd7 12. e6 fxe6 13. Be3 Ne5 14. Be2 Na6
15. f4 Nd3 16. e5 Nc7 17. b3 Nd5 18. Nxd5 exd5 19. Qc2 Qd7 20. Bg4 Qf7 21. bxc4
dxc4 22. e6 Qe7 23. Qxc4 Bxa1 24. Rxa1 Rad8 25. Rb1 Rd5 26. h4 h5 27. Bh3 Rf6
28. Rb3 Nc5 29. Rc3 Nxe6 30. Bg2 Rd1+ 31. Kh2 Kh7 32. Bxa7 Ng7 33. Bc5 Qe6 34.
Qa4 Rd2 35. Qb3 Qe2 0-1

[Event "TOP 16 A group"]
[Site "BELFORT"]
[Date "????.??.??"]
[Round "5.26"]
[White "Bellahcene, Bilel"]
[Black "Pranesh M"]
[Result "1-0"]
[WhiteElo "2504"]
[BlackElo "2576"]
[PlyCount "101"]
[EventDate "2025.05.??"]
[WhiteTeam "TREMBLAY"]
[BlackTeam "CANNES"]
[WhiteTeamCountry "FRA"]
[BlackTeamCountry "FRA"]

1. e4 c5 2. Nf3 Nc6 3. Nc3 e6 4. d4 cxd4 5. Nxd4 Qc7 6. Be3 a6 7. Qd2 Nf6 8.
O-O-O Be7 9. f3 b5 10. g4 Nxd4 11. Qxd4 Bb7 12. g5 Nh5 13. Kb1 Rc8 14. Qd2 b4
15. Ne2 d5 16. e5 Qxe5 17. Bh3 Qc7 18. Bg4 g6 19. Bd4 Rg8 20. Bxh5 gxh5 21. f4
h4 22. Rhe1 Kd7 23. Be5 Qb6 24. Nd4 h6 25. Nf3 hxg5 26. fxg5 Rcf8 27. Qf4 h3
28. c4 bxc3 29. Bxc3 Bd6 30. Ne5+ Ke8 31. Bd4 Qd8 32. Rg1 Qe7 33. Bb6 Bc6 34.
Qd4 Bd7 35. Ng4 f5 36. Nf6+ Kf7 37. g6+ Rxg6 38. Rxg6 Kxg6 39. Nxd7 Rg8 40.
Rg1+ Kf7 41. Ne5+ Bxe5 42. Qxe5 Rxg1+ 43. Bxg1 Qh4 44. Bd4 f4 45. Qc7+ Kg6 46.
Qg7+ Kf5 47. Qe5+ Kg4 48. Qxe6+ Kf3 49. Qxd5+ Ke2 50. Qe4+ Kf1 51. Qf3+ 1-0

[Event "TOP 16 A group"]
[Site "BELFORT"]
[Date "????.??.??"]
[Round "5.27"]
[White "Adhiban, B."]
[Black "Kobalia, Mikhail"]
[Result "1-0"]
[WhiteElo "2518"]
[BlackElo "2538"]
[PlyCount "153"]
[EventDate "2025.05.??"]
[WhiteTeam "CANNES"]
[BlackTeam "TREMBLAY"]
[WhiteTeamCountry "FRA"]
[BlackTeamCountry "FRA"]

1. d4 d5 2. c4 c6 3. Nf3 Nf6 4. Nc3 e6 5. g3 dxc4 6. Bg2 b5 7. e4 Bb7 8. e5 Nd5
9. Ng5 h6 10. Qh5 g6 11. Qh3 Be7 12. Nce4 Nd7 13. O-O Qb6 14. Re1 Qxd4 15. Nf3
Qb6 16. Bg5 c5 17. Nd6+ Bxd6 18. exd6 Qxd6 19. Rad1 Kf8 20. Bxh6+ Kg8 21. Qh4
Re8 22. Qg5 e5 23. Nh4 N7b6 24. Qc1 Qe6 25. Nf3 f6 26. Nh4 Qf7 27. Be4 Nf4 28.
Bxf4 Bxe4 29. Rxe4 exf4 30. Rxe8+ Qxe8 31. Qxf4 Kg7 32. Qc7+ Qf7 33. Qxc5 Rh5
34. Qa3 Rd5 35. Re1 Nc8 36. Ng2 Rd7 37. h4 Nd6 38. h5 Nf5 39. hxg6 Qxg6 40. Nf4
Qf7 41. Qc5 Re7 42. Rxe7 Nxe7 43. Qxb5 c3 44. bxc3 Qxa2 45. c4 Qa1+ 46. Kg2 Qe5
47. Qxe5 fxe5 48. Nd3 e4 49. Nc5 Kf6 50. Nxe4+ Ke5 51. Nc3 a5 52. Nb5 Ke4 53.
f4 Kd3 54. Na3 Kc3 55. g4 Kb3 56. f5 Kb4 57. f6 Ng6 58. Kf3 a4 59. Nb1 Kxc4 60.
Ke4 Kb3 61. Kd4 Nf8 62. f7 Ne6+ 63. Kd5 Nf8 64. Nd2+ Kc3 65. Nc4 Kb4 66. g5 Kb3
67. Kd4 Kb4 68. Kd5 Kb3 69. Kc5 Kc3 70. Na3 Kb3 71. Nb5 Ng6 72. Nd4+ Kb2 73.
Nb5 Kb3 74. Kd5 Kb4 75. Nd4 Kc3 76. Ke4 Nf8 77. Kf5 1-0

[Event "TOP 16 A group"]
[Site "BELFORT"]
[Date "????.??.??"]
[Round "5.28"]
[White "Van Foreest, Lucas"]
[Black "Lamard, Guillaume"]
[Result "1/2-1/2"]
[WhiteElo "2530"]
[BlackElo "2500"]
[PlyCount "90"]
[EventDate "2025.05.??"]
[WhiteTeam "TREMBLAY"]
[BlackTeam "CANNES"]
[WhiteTeamCountry "FRA"]
[BlackTeamCountry "FRA"]

1. e4 c6 2. d4 d5 3. e5 Bf5 4. c4 e6 5. Nc3 Bb4 6. Nge2 Ne7 7. a3 Bxc3+ 8. Nxc3
dxc4 9. Bxc4 Nd7 10. O-O Nb6 11. Ba2 Qd7 12. Be3 Nbd5 13. Rc1 O-O 14. Qf3 Nxc3
15. bxc3 b5 16. Rfd1 Nd5 17. Bd2 Rab8 18. h3 h6 19. Be1 Nb6 20. c4 Nxc4 21.
Bxc4 bxc4 22. Rxc4 Qd5 23. Qxd5 cxd5 24. Rc7 a6 25. Bb4 Rfc8 26. Rdc1 Rxc7 27.
Rxc7 Bd3 28. Kh2 g5 29. g4 Kg7 30. Kg3 Bc4 31. Ra7 Rc8 32. Rb7 Be2 33. Bc5 Kg6
34. f4 gxf4+ 35. Kxf4 Rh8 36. Rb2 Bd3 37. h4 h5 38. Rg2 hxg4 39. Rxg4+ Kh7 40.
Rg3 Bf5 41. Be7 Rg8 42. Rxg8 Kxg8 43. Kg5 Bh7 44. Kf6 Bf5 45. Kg5 Bh7 1/2-1/2

[Event "TOP 16 A group"]
[Site "BELFORT"]
[Date "????.??.??"]
[Round "5.29"]
[White "Giroyan, Gary"]
[Black "Abergel, Thal"]
[Result "1-0"]
[WhiteElo "2419"]
[BlackElo "2415"]
[PlyCount "55"]
[EventDate "2025.05.??"]
[WhiteTeam "CANNES"]
[BlackTeam "TREMBLAY"]
[WhiteTeamCountry "FRA"]
[BlackTeamCountry "FRA"]

1. e4 c6 2. d4 d5 3. e5 Bf5 4. h4 a6 5. h5 Qa5+ 6. Nd2 c5 7. c3 cxd4 8. Nb3 Qc7
9. Nxd4 Qxe5+ 10. Nge2 Nc6 11. Bf4 Qf6 12. Qb3 Nxd4 13. cxd4 Bc8 14. Be5 Qf5
15. Nc3 e6 16. Nb5 f6 17. Nc7+ Kf7 18. Bd3 Qg4 19. Bg3 Rb8 20. Rh4 Qg5 21. Nxa6
Ra8 22. Nc7 Ra5 23. Qb6 Ra4 24. Qb5 Bb4+ 25. Kf1 Ne7 26. Qxa4 Nc6 27. Qb3 Bd6
28. Nb5 1-0

[Event "TOP 16 A group"]
[Site "BELFORT"]
[Date "????.??.??"]
[Round "5.30"]
[White "Shchekachev, Andrei"]
[Black "Di Nicolantonio, Lucas"]
[Result "1-0"]
[WhiteElo "2445"]
[BlackElo "2413"]
[PlyCount "121"]
[EventDate "2025.05.??"]
[WhiteTeam "TREMBLAY"]
[BlackTeam "CANNES"]
[WhiteTeamCountry "FRA"]
[BlackTeamCountry "FRA"]

1. Nf3 d5 2. g3 Nf6 3. Bg2 e6 4. O-O Be7 5. c4 O-O 6. d3 c5 7. cxd5 exd5 8. d4
Nc6 9. Nc3 Re8 10. Bf4 a6 11. Bg5 cxd4 12. Nxd4 Nxd4 13. Qxd4 Be6 14. Rad1 h6
15. Be3 Qa5 16. Qb6 Qxb6 17. Bxb6 Rac8 18. Bd4 b5 19. a3 b4 20. axb4 Bxb4 21.
e3 Bxc3 22. Bxc3 Ne4 23. Bd4 Rc2 24. f3 Nd6 25. Rf2 Rec8 26. Bc3 Rxf2 27. Kxf2
Nc4 28. Rc1 a5 29. Bf1 Rb8 30. Bxc4 dxc4 31. Ra1 Rb5 32. g4 h5 33. h3 hxg4 34.
hxg4 f6 35. e4 Kf7 36. Kg3 Bd7 37. Rd1 Ke7 38. Rd4 Be6 39. f4 a4 40. Rd1 a3 41.
bxa3 Rb3 42. Rc1 Rxa3 43. f5 Bf7 44. Kf4 Ra2 45. Rb1 Rf2+ 46. Ke3 Rg2 47. Rb7+
Kf8 48. Rb8+ Be8 49. Kf3 Ra2 50. Ke3 Rg2 51. Kf4 Rf2+ 52. Kg3 Re2 53. Kf3 Rc2
54. Bb4+ Kf7 55. g5 fxg5 56. e5 g4+ 57. Kxg4 Rg2+ 58. Kh3 Re2 59. e6+ Kf6 60.
Rxe8 Kxf5 61. Rf8+ 1-0

[Event "TOP 16 A group"]
[Site "BELFORT"]
[Date "????.??.??"]
[Round "5.31"]
[White "Llari, Marc"]
[Black "Morais, Thomas"]
[Result "1-0"]
[WhiteElo "2309"]
[BlackElo "2157"]
[PlyCount "77"]
[EventDate "2025.05.??"]
[WhiteTeam "CANNES"]
[BlackTeam "TREMBLAY"]
[WhiteTeamCountry "FRA"]
[BlackTeamCountry "FRA"]

1. e4 e5 2. Nf3 Nf6 3. Nxe5 d6 4. Nf3 Nxe4 5. Nc3 Nxc3 6. dxc3 Be7 7. Bf4 O-O
8. Qd2 Nd7 9. O-O-O Nf6 10. h4 c5 11. Bc4 Qa5 12. Rhe1 Be6 13. Rxe6 fxe6 14.
Bxe6+ Kh8 15. Ng5 d5 16. Kb1 Ne4 17. Nxe4 dxe4 18. Qe3 Rad8 19. Re1 Qa4 20. c4
Qa5 21. c3 Bxh4 22. g3 Rxf4 23. Qxf4 Bf6 24. Bd5 Qb6 25. Qxe4 Qd6 26. Qe8+ Qf8
27. Qxf8+ Rxf8 28. Bxb7 h5 29. Kc2 Kh7 30. Rh1 Kh6 31. f4 g5 32. Bf3 h4 33.
fxg5+ Bxg5 34. gxh4 Be3 35. Rf1 Rf4 36. Kd3 Bc1 37. Rxc1 Rxf3+ 38. Ke4 Rf2 39.
b4 1-0

[Event "TOP 16 A group"]
[Site "BELFORT"]
[Date "????.??.??"]
[Round "5.32"]
[White "Hernandez, Lara"]
[Black "Bensdorp-De Labaca, Marlies"]
[Result "1-0"]
[WhiteElo "1978"]
[BlackElo "2208"]
[PlyCount "141"]
[EventDate "2025.05.??"]
[WhiteTeam "TREMBLAY"]
[BlackTeam "CANNES"]
[WhiteTeamCountry "FRA"]
[BlackTeamCountry "FRA"]

1. d4 d5 2. Nf3 Nf6 3. g3 c5 4. Bg2 cxd4 5. O-O h6 6. b3 e6 7. Bb2 Bc5 8. Bxd4
Bxd4 9. Nxd4 e5 10. Nf3 Nc6 11. Nfd2 O-O 12. c4 d4 13. Ne4 Ne8 14. e3 f5 15.
Nc5 Nf6 16. exd4 exd4 17. Nd2 Qd6 18. Nd3 Be6 19. Qc2 Rac8 20. Rae1 Bf7 21. Re2
Bh5 22. f3 b6 23. Nf4 g5 24. Re6 Qd7 25. Rxf6 Rxf6 26. Nxh5 Rd6 27. f4 g4 28.
h3 Nb4 29. Qd1 gxh3 30. Bxh3 Rf8 31. Nf3 d3 32. Ne5 Qc7 33. Bg2 Kh7 34. Kh2 Qc5
35. Qd2 Nc2 36. Rf3 Qb4 37. Rf2 Qxd2 38. Rxd2 Ne3 39. Bh3 Rd4 40. Kg1 Ng4 41.
Nxg4 fxg4 42. Bxg4 Kg6 43. Bf3 Re8 44. Kf2 Re7 45. g4 Re8 46. f5+ Kf7 47. Ng3
Kf6 48. Nf1 Kg5 49. Ne3 Re5 50. Nd5 Kh4 51. f6 Re8 52. f7 Rf8 53. Ke3 Rxf7 54.
Kxd4 Rxf3 55. Rxd3 Rf2 56. b4 Rxa2 57. c5 bxc5+ 58. bxc5 Ra4+ 59. Kc3 Ra3+ 60.
Kc4 Ra4+ 61. Kb3 Rxg4 62. c6 Rg8 63. Ne7 Rb8+ 64. Ka4 Rb1 65. c7 Rc1 66. c8=Q
Rxc8 67. Nxc8 Kg4 68. Rd4+ Kg5 69. Nd6 h5 70. Nc4 h4 71. Nd2 1-0